[Event "16PCR_ZK08"]
[Site "?"]
[Date "2005.??.??"]
[Round "?"]
[White "Novak, Vaclav"]
[Black "Majstr, Tomas"]
[Result "1/2-1/2"]
[WhiteElo "1976"]
[BlackElo "1800"]
[PlyCount "46"]
[EventDate "2005.??.??"]
[SourceDate "2005.02.23"]

1. d4 d5 2. Nf3 Nf6 3. Bf4 e6 4. e3 Bd6 5. Bg5 c5 6. c3 O-O 7. Nbd2 Nc6 8. Bd3
c4 9. Bc2 h6 10. h4 hxg5 11. hxg5 Ne4 12. Nxe4 dxe4 13. Bxe4 g6 14. Qe2 Na5 15.
Qc2 Kg7 16. O-O-O Rh8 17. Rxh8 Qxh8 18. Qa4 Qd8 19. Ne5 Rb8 20. f4 b5 21. Qc2
Bxe5 22. dxe5 Qe7 23. Qe2 Bb7 1/2-1/2

[Event "16PCR_ZK08"]
[Site "?"]
[Date "2005.??.??"]
[Round "?"]
[White "Brichacek, Milan"]
[Black "Novak, Vaclav"]
[Result "1-0"]
[WhiteElo "2134"]
[BlackElo "1976"]
[PlyCount "95"]
[EventDate "2005.??.??"]
[SourceDate "2005.02.23"]

1. e4 e5 2. Nf3 Nc6 3. Bb5 a6 4. Ba4 d6 5. O-O Bd7 6. d4 Nxd4 7. Bxd7+ Qxd7 8.
Nxd4 exd4 9. Qxd4 Ne7 10. Nc3 Nc6 11. Qc4 O-O-O 12. b4 Ne5 13. Qb3 Qe6 14. b5
Qxb3 15. axb3 axb5 16. Nxb5 Be7 17. Bd2 h5 18. Ba5 b6 19. Bc3 Bf8 20. Ra7 Rd7
21. Ra8+ Kb7 22. Rfa1 Nc6 23. Bb2 Re7 24. f3 f5 25. exf5 Re2 26. Bc3 Rxc2 27.
Kf1 h4 28. h3 Rg8 29. Re8 d5 30. Raa8 Bb4 31. Rxg8 Bxc3 32. Nxc3 Rxc3 33. Raf8
Rc1+ 34. Kf2 Rc2+ 35. Ke3 d4+ 36. Kf4 Rxg2 37. f6 g5+ 38. Rxg5 Rxg5 39. Kxg5 d3
40. f7 d2 41. Rg8 d1=Q 42. f8=Q Qd2+ 43. f4 Qd5+ 44. Kxh4 b5 45. Qa8+ Kb6 46.
Rg6 Qe4 47. Qxc6+ Qxc6 48. f5 1-0

[Event "16PCR_ZK08"]
[Site "?"]
[Date "2005.??.??"]
[Round "?"]
[White "Struzka, Vlastimil"]
[Black "Brichacek, Milan"]
[Result "1-0"]
[WhiteElo "2216"]
[BlackElo "2134"]
[PlyCount "125"]
[EventDate "2005.??.??"]
[SourceDate "2005.02.23"]

1. d4 d5 2. Bf4 Bf5 3. e3 e6 4. Bd3 Bxd3 5. cxd3 Nd7 6. Ne2 c5 7. dxc5 Bxc5 8.
O-O Ngf6 9. Nbc3 O-O 10. d4 Be7 11. Rc1 Rc8 12. Qb3 Nb6 13. Nb5 Rc4 14. Na3 Rc6
15. Bg5 Qb8 16. Bf4 Qd8 17. Rxc6 bxc6 18. Rc1 Qd7 19. Bg5 Rc8 20. Nb1 c5 21.
Bxf6 c4 22. Qc2 Bxf6 23. Nd2 Qa4 24. Qxa4 Nxa4 25. Rc2 Kf8 26. f4 Bd8 27. b3
Nb6 28. Kf2 Be7 29. bxc4 dxc4 30. e4 Bb4 31. Ke3 f5 32. Nf3 c3 33. Ne5 g6 34.
g3 Kg7 35. a3 Bxa3 36. Ra2 Bd6 37. Rxa7+ Kg8 38. Rb7 Bc7 39. Nc6 Bxf4+ 40. Kxf4
Rxc6 41. Nxc3 Nc8 42. Nb5 Rb6 43. Rc7 Rxb5 44. Rxc8+ Kg7 45. Rc7+ Kh6 46. Rc5
Rb2 47. Rc6 Rf2+ 48. Ke3 Rxh2 49. Rxe6 Kg5 50. d5 Rg2 51. d6 Rxg3+ 52. Kd4 Rg1
53. e5 f4 54. Rf6 Rd1+ 55. Kc5 h5 56. Rf8 Rc1+ 57. Kb6 Rd1 58. Kc7 Rc1+ 59. Kd7
Ra1 60. e6 Ra7+ 61. Kc6 Ra6+ 62. Kc7 Ra7+ 63. Kb8 1-0

[Event "16PCR_ZK08"]
[Site "?"]
[Date "2005.??.??"]
[Round "?"]
[White "Novak, Vaclav"]
[Black "Masek, Frantisek"]
[Result "1-0"]
[WhiteElo "1976"]
[BlackElo "1780"]
[PlyCount "75"]
[EventDate "2005.??.??"]
[SourceDate "2005.02.23"]

1. Nf3 Nf6 2. g3 c5 3. c4 g6 4. Bg2 d6 5. O-O Nc6 6. d3 Bg7 7. e3 Bg4 8. h3 Be6
9. Nc3 O-O 10. e4 Qc8 11. Kh2 Qd7 12. Nd5 Rab8 13. Bg5 b6 14. Qa4 Rb7 15. a3
Ne5 16. Qxd7 Rxd7 17. Nxe5 dxe5 18. b4 Bxd5 19. exd5 e6 20. dxe6 Rxd3 21. e7
Re8 22. Rfd1 e4 23. Bxe4 Rxd1 24. Rxd1 Nxe4 25. Rd8 Nd6 26. Bf4 Bf6 27. Bxd6
Rxd8 28. exd8=Q+ Bxd8 29. bxc5 bxc5 30. Bxc5 Bb6 31. Bxb6 axb6 32. a4 Kg7 33.
c5 bxc5 34. Kg2 Kf6 35. a5 c4 36. Kf3 Ke5 37. a6 c3 38. Ke3 1-0

[Event "16PCR_ZK08"]
[Site "?"]
[Date "2005.??.??"]
[Round "?"]
[White "Struzka, Vlastimil"]
[Black "Majstr, Tomas"]
[Result "1-0"]
[WhiteElo "2216"]
[BlackElo "1800"]
[PlyCount "79"]
[EventDate "2005.??.??"]
[SourceDate "2005.02.23"]

1. d4 d5 2. c4 dxc4 3. e3 e5 4. Bxc4 exd4 5. exd4 Nf6 6. Qb3 Bd6 7. Bxf7+ Kf8
8. Bc4 Nc6 9. Ne2 Na5 10. Qc2 Nxc4 11. Qxc4 Qe7 12. Nbc3 Be6 13. d5 Bf7 14. Qb5
Rb8 15. Bg5 a6 16. Bxf6 Qxf6 17. Ne4 axb5 18. Nxf6 gxf6 19. Rd1 Ra8 20. Nc1
Re8+ 21. Kf1 Re5 22. f3 Rxd5 23. Ke2 Re5+ 24. Kd2 Kg7 25. Nd3 Rh5 26. h4 Bxa2
27. g4 Rd5 28. Kc2 Ra8 29. Rhf1 Re8 30. Rfe1 Bb4 31. Rxe8 Bd6 32. Rb8 Bc4 33.
b3 Bxd3+ 34. Rxd3 Rc5+ 35. Rc3 Rxc3+ 36. Kxc3 b6 37. Kd3 Bg3 38. h5 Be5 39. Ke4
Kf7 40. Kf5 1-0

[Event "16PCR_ZK08"]
[Site "?"]
[Date "2005.??.??"]
[Round "?"]
[White "Sindelar, Frantisek"]
[Black "Struzka, Vlastimil"]
[Result "1/2-1/2"]
[WhiteElo "1925"]
[BlackElo "2216"]
[PlyCount "140"]
[EventDate "2005.??.??"]
[SourceDate "2005.02.23"]

1. e4 c5 2. Nf3 Nc6 3. Bb5 Nf6 4. Nc3 e5 5. d3 d6 6. O-O Be7 7. Nd5 O-O 8. Bc4
Rb8 9. Bb3 Nxd5 10. Bxd5 Nb4 11. Bb3 Be6 12. Be3 Bxb3 13. axb3 a6 14. Bd2 Nc6
15. Re1 f5 16. Qe2 Kh8 17. c3 f4 18. Ra3 Qd7 19. h3 Rbd8 20. c4 Rf6 21. Bc3 Rg6
22. Kh1 Rh6 23. Rea1 Rf8 24. Nh2 Rg6 25. R3a2 Rg5 26. Nf3 Rg6 27. Qd2 Rh6 28.
Qe2 Rff6 29. Nh2 Rfg6 30. Qf3 Kg8 31. Rg1 Rh4 32. Ra4 Qe6 33. Rga1 Qc8 34. R4a2
Rg5 35. Nf1 Bd8 36. Nh2 Qe6 37. Ra4 Qc8 38. R4a2 Rg6 39. Ra4 Qc7 40. Rg1 Qe7
41. Raa1 Qd7 42. Ra4 Rhh6 43. Ra2 Qc8 44. Rc1 Rg5 45. Rca1 Qd7 46. Rg1 Qe6 47.
Ra3 Qc8 48. Qd1 Bf6 49. Ra1 Rgg6 50. Ra2 Be7 51. Qd2 Qe6 52. Qe2 Bd8 53. Raa1
Qc8 54. Qd1 Be7 55. Ra2 Rg5 56. Qe1 Bf6 57. Ra1 Bd8 58. Qd2 Qd7 59. Qe2 Rgg6
60. Ra3 Qc8 61. Qe1 Bh4 62. Qe2 Qd7 63. Qf3 Bf6 64. Ra2 Qe6 65. Ra3 Bd8 66.
Rga1 Qd7 67. Rg1 a5 68. Qe2 Qe6 69. Qd2 Qe7 70. Ra4 Bb6 1/2-1/2

[Event "16PCR_ZK08"]
[Site "?"]
[Date "2005.??.??"]
[Round "?"]
[White "Masek, Frantisek"]
[Black "Novak, Vaclav"]
[Result "1-0"]
[WhiteElo "1780"]
[BlackElo "1976"]
[PlyCount "73"]
[EventDate "2005.??.??"]
[SourceDate "2005.02.23"]

1. e4 c5 2. c3 e5 3. Bc4 Nc6 4. Nf3 Nf6 5. Ng5 d5 6. exd5 Na5 7. d3 h6 8. Nf3
Bd6 9. Qa4+ Bd7 10. Bb5 b6 11. O-O O-O 12. Bxd7 Nxd7 13. d4 e4 14. Nfd2 f5 15.
b4 Nb7 16. Nc4 Qc7 17. Nxd6 Qxd6 18. Qc6 Rab8 19. Qxd6 Nxd6 20. Bf4 Rf6 21. a4
Re8 22. dxc5 bxc5 23. Re1 Nc4 24. Na3 Nb2 25. Be3 Nd3 26. Red1 f4 27. Bxc5
N7xc5 28. bxc5 Nxc5 29. Nc2 Ra6 30. a5 Rd6 31. c4 Rc8 32. Nd4 Kf7 33. Nc6 Nd3
34. f3 Nb2 35. Rdb1 Nxc4 36. Ra4 Nd2 37. Rb7+ 1-0